| 000 -LEADER |
| fixed length control field |
00930pab a2200181 454500 |
| 008 - FIXED-LENGTH DATA ELEMENTS--GENERAL INFORMATION |
| fixed length control field |
180718b2008 xxu||||| |||| 00| 0 eng d |
| 100 ## - MAIN ENTRY--PERSONAL NAME |
| Personal name |
Zaidi, S. Akbar |
| 245 ## - TITLE STATEMENT |
| Title |
Social and structural transformations in Pakistan |
| 260 ## - PUBLICATION, DISTRIBUTION, ETC. |
| Date of publication, distribution, etc. |
2008 |
| 300 ## - PHYSICAL DESCRIPTION |
| Extent |
p.10-17. |
| 362 ## - DATES OF PUBLICATION AND/OR SEQUENTIAL DESIGNATION |
| Dates of publication and/or sequential designation |
17 May |
| 520 ## - SUMMARY, ETC. |
| Summary, etc. |
Structural developments over the last decade in Pakistan have resulted in numerous substantive transformations, which have altered social relations and societal structures. There are many reasons for this change such as capital inflows, globalisation, the media boom and trends in women's education. There is a need to interpret and further explore such developments to examine and understand what, if anything, they mean for political transitions and transformations. - Reproduced. |
| 650 ## - SUBJECT ADDED ENTRY--TOPICAL TERM |
| Topical term or geographic name entry element |
Social change - Pakistan |
| 650 ## - SUBJECT ADDED ENTRY--TOPICAL TERM |
| Topical term or geographic name entry element |
Social change |
| 773 ## - HOST ITEM ENTRY |
| Main entry heading |
Economic and Political Weekly |
| 908 ## - PUT COMMAND PARAMETER (RLIN) |
| Put command parameter |
N |
| 909 ## - |
| -- |
78182 |